| 000 | 01001cam a22003134a 4500 | ||
|---|---|---|---|
| 001 | 12339815 | ||
| 003 | OSt | ||
| 005 | 20170327150741.0 | ||
| 008 | 010308s2001 nyua b 001 0 eng | ||
| 010 | _a 2001028408 | ||
| 020 | _a0824702980 (alk. paper) | ||
| 035 | _a(DNLM)101090114 | ||
| 040 |
_aDNLM/DLC _cDLC _dDLC |
||
| 042 | _apcc | ||
| 050 | 0 | 0 |
_aRS192 _b.H53 2001 |
| 060 | 1 | 0 |
_aW1 _bDR893B v.112 2001 |
| 060 | 1 | 0 |
_aQV 744 _bH628p 2001 |
| 082 | 0 | 0 |
_aQV 778 h526p 2001 _221 |
| 100 | 1 |
_aHickey, Anthony J.; Ganderton, David _d1955- _92900 |
|
| 245 | 1 | 0 | _aPharmaceutical Process Engineering |
| 260 |
_aNew York; _bM. Dekker, _cc2001. |
||
| 300 |
_ax, 268 p. : _bill. ; _c24 cm. |
||
| 504 | _aIncludes bibliographical references and index. | ||
| 650 | 0 |
_aPharmaceuticals _92902 |
|
| 650 | 0 |
_aEngineering. _92903 |
|
| 856 | 4 | 2 |
_3Publisher description _uhttp://www.loc.gov/catdir/enhancements/fy0647/2001028408-d.html |
| 906 |
_a7 _bcbc _corignew _d1 _eocip _f20 _gy-gencatlg |
||
| 942 |
_2z _cSLOAN |
||
| 999 |
_c1076 _d1076 |
||